| 000 | 00743nam a22002537a 4500 | ||
|---|---|---|---|
| 005 | 20170124110249.0 | ||
| 010 | _aB-110478 | ||
| 020 |
_c475.00 _a9788125024880 |
||
| 035 | _aB-110478 | ||
| 037 | _bCen Lib/Ret | ||
| 040 |
_aDPL _bEN |
||
| 082 |
_a614.1 _bGUH |
||
| 100 |
_aGuharaj, P V _998393 |
||
| 245 |
_aForensic medicine / _cby P V Guharaj; edited by M R Chandran |
||
| 250 | _a2nd ed | ||
| 260 |
_aChennai _bOrient Longman _c2003 |
||
| 270 |
_a160 Anna Salai _bChennai _e600002 |
||
| 300 |
_a471p. _c25cm(pbk) |
||
| 500 | _aIncludes index | ||
| 650 |
_aMedical jurisprudence. _998394 |
||
| 650 |
_aMedical jurisprudence -- India. _998395 |
||
| 700 |
_aChandran, M R _998396 |
||
| 942 |
_2ddc _cEN _h614.1 _mGUH |
||
| 999 |
_c135775 _d135775 |
||